On the knowledge of good and evil. (Record no. 284)

MARC details
000 -LEADER
fixed length control field 00641cam a22002411 4500
001 - CONTROL NUMBER
control field 9330094
003 - CONTROL NUMBER IDENTIFIER
control field GBCCL
005 - DATE AND TIME OF LATEST TRANSACTION
control field 20241126110334.0
008 - FIXED-LENGTH DATA ELEMENTS--GENERAL INFORMATION
fixed length control field 720804s1955 nyu 000 0 eng
010 ## -
-- 55011990
035 ## - SYSTEM CONTROL NUMBER
System control number (OCoLC)374035
040 ## - CATALOGING SOURCE
Original cataloging agency DLC
Transcribing agency ODaWU
Modifying agency OCoLC
-- DLC
042 ## -
-- premarc
050 00 -
-- BJ1401
-- .R5
082 ## - DEWEY DECIMAL CLASSIFICATION NUMBER
Classification number 179.8
Item number RIC
100 1# - MAIN ENTRY--PERSONAL NAME
Personal name Rice, Philip Blair.
9 (RLIN) 210
245 10 - TITLE STATEMENT
Title On the knowledge of good and evil.
260 ## - PUBLICATION, DISTRIBUTION, ETC.
Place of publication, distribution, etc. New York :
Name of publisher, distributor, etc. Random House,
Date of publication, distribution, etc. [1955]
300 ## - PHYSICAL DESCRIPTION
Extent 299 p.
Dimensions 22 cm.
650 #0 - SUBJECT ADDED ENTRY--TOPICAL TERM
Topical term or geographic name entry element Good and evil.
9 (RLIN) 211
906 ## - LOCAL DATA ELEMENT F, LDF (RLIN)
a 7
b cbc
c oclcrpl
d u
e ncip
f 19
g y-gencatlg
942 ## - ADDED ENTRY ELEMENTS (KOHA)
Source of classification or shelving scheme Dewey Decimal Classification
Koha item type Books
Koha issues (borrowed), all copies 1
Holdings
Withdrawn status Lost status Source of classification or shelving scheme Damaged status Not for loan Home library Current Library Shelving location Date acquired Total checkouts Full call number Barcode Date last seen Date last checked out Copy number Price effective from Koha item type
    Dewey Decimal Classification     GRACE BIBLE COLLEGE GRACE BIBLE COLLEGE Philosophy and Religion 2016-10-14 1 179.8 RIC 000330 2025-05-01 2019-10-28 c.1 2016-10-14 Books
© Grace Bible College Library 2025